Overcoming compulsive desires (Record no. 17276)

000 -LEADER
fixed length control field 00683nam a2200193 a 4500
001 - CONTROL NUMBER
control field :::00021130$&:&@@
003 - CONTROL NUMBER IDENTIFIER
control field OkBaRHE
005 - DATE AND TIME OF LATEST TRANSACTION
control field 20100402130512.0
008 - FIXED-LENGTH DATA ELEMENTS--GENERAL INFORMATION
fixed length control field s1990 j 000 0 eng u
020 ## - INTERNATIONAL STANDARD BOOK NUMBER
International Standard Book Number 0884192628
040 ## - CATALOGING SOURCE
Transcribing agency
100 1# - MAIN ENTRY--PERSONAL NAME
Personal name Sumrall, Lester Frank 1913-1996
245 10 - TITLE STATEMENT
Title Overcoming compulsive desires
260 ## - PUBLICATION, DISTRIBUTION, ETC. (IMPRINT)
Place of publication, distribution, etc Springdale,PA
Name of publisher, distributor, etc Whitaker House
Date of publication, distribution, etc 1990
300 ## - PHYSICAL DESCRIPTION
Extent 168p: 21 cm
650 ## - SUBJECT ADDED ENTRY--TOPICAL TERM
Topical term or geographic name as entry element compulsive desires, com[pusive behaviors.religous aspects christianity ,christian life
942 ## - ADDED ENTRY ELEMENTS (KOHA)
Source of classification or shelving scheme
Koha item type Books
Copies
Not for loan Total Checkouts Full call number Withdrawn status Date last seen Shelving location Lost status Koha item type Date checked out Source of classification or shelving scheme Current Location Damaged status Copy number Barcode Date acquired Price effective from Checked out Permanent Location
 1BV 4509.5 .S86 1990 2021-12-03General Stacks Books2021-12-03 RHEMA Bible Training College 1000211302010-04-142010-04-142021-12-17RHEMA Bible Training College